00682nam a22002057a 4500003001100000005001700011008004100028020001500069040003900084041000800123082001800131245008500149260003100234300005900265650001500324700002200339942000700361952009300368999001500461LK-CoMWRAF20231206130146.0230929b1998 |||||||| |||| 00| 0 eng d a0471294551 aLK-CoMWRAFdLK-CoMWRAFeLK-CoMWRAF aeng a658.4092bBOO aThe book of leadership wisdom: bclassic writings by legendary business leaders  aNew York : bWiley, c1998 a xiv, 493 p. ; 24 cm.bBibliography and index included aLEADERSHIP aKrass, Petereed. cBK 00104070aMAINbMAINd2023-09-29l0o658.4092 BOOpRAF1544r2023-09-29w2023-09-29yBK c3752d3752